000 00344nam a2200145Ia 4500
008 090124s9999 xx 000 0 und d
082 _b33070
245 _a यशवंत
250 _a1
260 _bचिटणीस शुभा
_c2005
300 _a324
630 _a यशवंत
730 _a यशवंत
942 _cBOOK
999 _c180550
_d180550